[Event "10th Mumbai Mayors Cup 2017"]
[Site "Mumbai"]
[Date "2017.06.05"]
[Round "2"]
[White "Tarini Goyal"]
[Black "Laxman, R R"]
[Result "0-1"]
[WhiteElo "2084"]
[BlackElo "2421"]
[Annotator "TA"]
[PlyCount "126"]
[EventDate "2017.06.04"]
[EventType "swiss"]
[EventCountry "IND"]
[SourceTitle "playchess.com"]
[Source "ChessBase"]
[SourceQuality "1"]

{[%evp 13,126,0,0,-33,-12,-8,0,-37,-2,-10,-14,-25,-23,-49,-55,-59,-14,-25,-17,-21,-9,-14,0,-91,-77,-100,-30,-43,-36,-67,-48,-56,-57,-60,-67,-79,-79,-96,-97,-103,-97,-199,-179,-165,-104,-100,-22,-45,33,0,21,9,210,191,218,199,284,290,618,562,1227,554,500,316,245,117,99,94,204,120,348,-216,-216,-210,-220,-512,-366,-368,0,-510,-500,-554,-531,-684,-645,-694,-666,-908,-905,-1011,-1004,-948,-900,-1122,-1164,-1152,-1088,-1050,-1003,-883,-773,-29981,-29981,-29982,-29983,-29985,-29986,-29986,-29987,-29987,-29988,-29988,-29989,-29989,-29990]} 1. d4 Nf6 2. c4 e6 3. Nc3 Bb4 4. e3 O-O 5. Bd3 d5 6. cxd5 exd5 7. Nge2 Bd6 8. Bd2 {E48: Nimzo-Indian: Rubinstein: 5 Bd3 d5 including 6 Ne2, but excluding 6 a3} (8. Nb5 Be7 9. Bd2 a6 10. Nbc3 c5 11. dxc5 Bxc5 12. Nd4 Bxd4 13. exd4 Qb6 14. O-O Qxd4 15. Bg5 Nc6 16. Bxf6 Qxf6 17. Nxd5 Qxb2 {½-½ (92) Harikrishna,P (2750)-Hammer,J (2621) Moscow 2017}) 8... Re8 9. Rc1 c6 10. Qc2 {The position is equal.} Nbd7 {[%cal Bb8d7,Bd7b6,Bb6c4][%mdl 32]} 11. O-O a6 12. f3 $146 ({Predecessor:} 12. Ng3 Nf8 13. f3 c5 14. dxc5 Bxc5 15. Rfd1 Rxe3 {½-½ (26) Avotins,M (2453)-Siigur,J (2411) ICCF email 2014}) 12... c5 13. Kh1 b5 14. a3 cxd4 15. exd4 Nb6 16. Bg5 h6 17. Bh4 Bb7 18. g4 (18. Ng3 $11 {remains equal.}) 18... Nc4 $17 19. Rg1 g5 (19... Qe7 $17 {White must now prevent ...Qe3.} 20. Bf2 Rad8) 20. Bg3 Re3 21. Rcf1 {[#]} Nxb2 $1 {[%mdl 512]} 22. Qxb2 {Threatens to win with Qd2.} Rxd3 23. Qc2 Re3 24. Qd2 Re6 25. h4 Ne8 26. f4 gxh4 27. Bh2 (27. Be1 $17) 27... Rg6 (27... Bxa3 28. f5 $17) 28. g5 {intending f5.} hxg5 (28... Kh8 $19 29. Qe1 Bc8 30. Qxh4 Ng7) 29. fxg5 {White wants to play Nf4.} Rc8 (29... Bxh2 $17 30. Kxh2 Rc8) 30. Nf4 $11 Bxf4 ({But not} 30... Bxa3 $6 31. Nxg6 fxg6 32. Qd3 $16) (30... Ng7 $15 31. Nxg6 fxg6) 31. Qxf4 Qd7 32. Nd1 Nd6 $2 (32... Ng7 $1 $11) 33. Ne3 $1 $18 Qe6 {And now ...Qe4+ would win.} 34. Ng4 $1 Kf8 (34... Qe4+ $142 35. Qxe4 Nxe4) 35. Ne5 Rg7 $2 (35... Kg8 36. Qxh4 (36. Nxg6 Qxg6 37. Rg4 Nc4 $16) 36... Nf5) 36. Qxh4 Ne4 {[#] If Black can now play ...Ke7 this consolidates a bit.} 37. g6 (37. Rf6 $142 $1 {[%mdl 512]} Ke7 (37... Nxf6 38. gxf6) 38. Rxe6+ fxe6 39. g6+ Kd6 40. Qh6) 37... f6 38. Qh8+ Qg8 39. Qh6 (39. Qh3 $1 $18) 39... Ke7 $16 {[#]} 40. Nf7 $1 Rc2 {[#]} (40... Rc3 $16) 41. Re1 (41. Rg4 $1 $18) 41... Rc6 $2 (41... Bc8 $16 {was necessary.} 42. Nd6 Be6 43. Nxe4 dxe4) 42. Nd6 $4 {[%mdl 8192]} (42. Qh5 $18 Rc2 43. Bf4 (43. Bd6+ Kd7 $11)) 42... Rxd6 $19 43. Bxd6+ Kxd6 44. Qf4+ $2 (44. Rc1 {is a better defense.} Kd7 45. Qh3+ Kd8 46. Qh6) 44... Ke6 45. Qg4+ Kd6 46. Qf4+ Kc6 47. Rc1+ Kb6 48. Qh2 Rxg6 49. Rxg6 Qxg6 50. Qc7+ Ka7 51. Rc2 Qh5+ 52. Kg2 Qg4+ 53. Kh2 f5 {[%cal Bf6f5,Bf5f4,Bf4f3,Bf3f2][%mdl 32]} 54. a4 Qh5+ 55. Kg2 Qg6+ 56. Kh1 bxa4 57. Qe5 f4 {Black mates.} 58. Rb2 f3 59. Qc7 Qh6+ 60. Rh2 Qe3 {[%cal Re3e1]} 61. Rb2 Qe1+ 62. Kh2 Qh4+ 63. Kg1 f2+ {Precision: White = 47%, Black = 43%.} 0-1

[Event "10th Mumbai Mayors Cup 2017"]
[Site "Mumbai"]
[Date "2017.06.05"]
[Round "2"]
[White "Avdhoot Lendhe"]
[Black "Kulkarni Bhakti"]
[Result "0-1"]
[WhiteElo "2080"]
[BlackElo "2292"]
[Annotator "TA"]
[PlyCount "62"]
[EventDate "2017.06.04"]
[EventType "swiss"]
[EventCountry "IND"]
[SourceTitle "playchess.com"]
[Source "ChessBase"]
[SourceQuality "1"]

{[%evp 17,62,0,10,0,0,-3,8,-6,-15,-12,-5,-32,-20,-12,0,0,0,0,9,-18,3,0,0,-22,-14,-65,-41,-72,-70,-66,-62,-72,-61,-72,-15,-123,-104,-118,-122,-398,-404,-399,-399,-392,-370,-29997,-29998]} 1. d4 d5 2. c4 c6 {[%cal Bc7c6,Bc6c5][%mdl 32]} 3. Nf3 Nf6 4. Nc3 a6 5. a4 e6 6. e3 c5 7. Bd3 Nc6 8. O-O Be7 9. b3 O-O 10. Bb2 {D15: Slav Defence: 4 Nc3 a6 and gambit lines after 4 Nc3 dxc4} cxd4 11. exd4 Nb4 $146 ({Predecessor:} 11... b6 12. Rc1 Bb7 13. Re1 Nb4 14. Bf1 dxc4 15. bxc4 Rc8 16. Ne5 Nd7 17. Nd3 Nc6 {½-½ (94) Peralta,F (2590)-Saptarshi,R (2394) Montcada 2012}) 12. Be2 {The position is equal.} b6 13. Qd2 Bb7 14. Rfd1 Rc8 15. Ne5 Qc7 16. Rac1 {next cxd5 is good for White.} dxc4 17. bxc4 Rfd8 18. h3 Qb8 19. Qe3 h6 20. g3 Nc6 21. Nf3 (21. Nxc6 $11 Rxc6 22. a5) 21... Na5 22. Nb1 Bc6 23. Ba3 Bxa3 24. Qxa3 Ne4 $36 {[%mdl 2048] White must now prevent ...Nxg3! Black is pushing.} 25. Ne5 {[#]} Ba8 (25... Rxd4 $1 $17 {[%mdl 512]} 26. Rxd4 Qxe5) 26. Nc3 {[#]} (26. Qd3 $11 {remains equal.}) 26... Rxd4 $1 $17 {[%mdl 512]} 27. Rxd4 Qxe5 28. Rcd1 $2 {[%mdl 8192]} (28. Rxe4 $17 Bxe4 29. Qb4) 28... Nxc3 $19 29. Qxc3 {Intending Rd8+ and mate.} Qxe2 30. Rd8+ Kh7 31. Rxc8 $2 (31. Qd3+ $19 Qxd3 32. R1xd3 Rxd8 33. Rxd8) 31... Qxd1+ {Precision: White = 18%, Black = 48%.} 0-1

[Event "10th Mumbai Mayors Cup 2017"]
[Site "Mumbai"]
[Date "2017.06.05"]
[Round "2"]
[White "Sanjeev, Kumar"]
[Black "Sauravh, Khherdekar"]
[Result "1/2-1/2"]
[WhiteElo "2076"]
[BlackElo "2230"]
[Annotator "TA"]
[PlyCount "102"]
[EventDate "2017.06.04"]
[EventType "swiss"]
[EventCountry "IND"]
[SourceTitle "playchess.com"]
[Source "ChessBase"]
[SourceQuality "1"]

{[%evp 17,102,-29,-27,-35,0,0,23,25,32,31,22,35,33,0,11,0,0,0,0,0,27,37,38,34,73,50,46,6,27,0,0,0,9,0,41,43,52,45,68,42,103,96,245,125,133,122,110,10,10,18,81,68,72,74,90,0,0,0,0,0,0,0,0,0,0,0,0,0,33,33,33,33,34,34,59,51,80,87,209,193,120,14,20,8,12,8,8]} 1. e4 e6 2. d3 d5 3. Nd2 c5 4. Ngf3 Nc6 5. g3 g6 6. Bg2 Bg7 7. O-O Nf6 8. Re1 O-O 9. Qe2 b6 10. Nf1 {A08: King's Indian Attack} dxe4 (10... a5 11. e5 Nd7 12. Bf4 a4 13. h4 a3 14. b3 h5 15. N1h2 b5 16. g4 hxg4 17. Nxg4 Nd4 18. Nxd4 cxd4 {0-1 (41) Bu,X (2702)-Vitiugov,N (2681) Sochi 2009}) 11. dxe4 Nb4 12. e5 {White has an edge.} Ba6 13. c4 Nfd5 $146 ({Predecessor:} 13... Nd7 14. Bf4 Qc7 15. h4 Rac8 16. N1h2 Bb7 17. Rad1 b5 {1-0 (27) Manikandaswamy,S (2141)-Badamundi,T (1643) Bhubaneswar 2016}) 14. a3 Nc6 15. Qe4 Nde7 16. Bg5 Qc7 17. Ne3 Bb7 {[%cal Rc6e5]} 18. Qh4 Rfe8 19. Bf6 Nf5 20. Nxf5 exf5 21. Rad1 Nd8 22. Re3 $40 {[%mdl 128] [#] Red3 is the strong threat. Black needs to defend precisely.} Ne6 23. Red3 Bxf6 24. Qxf6 {aiming for Rd7.} Rad8 25. Rd6 Bxf3 26. Bxf3 Rxd6 27. Rxd6 Qe7 28. Bd5 Ng5 (28... Qxf6 $14 29. exf6 Rd8) 29. f4 $16 Ne4 (29... Ne6 $16) 30. Bxe4 (30. Qxe7 $18 Rxe7 31. Bxe4 fxe4 32. Kf2) 30... Qxf6 31. Rxf6 fxe4 $18 {[%mdl 4096] Endgame [#] KR-KR} 32. Kf2 (32. Rd6 $1 $16) 32... Rd8 $1 $11 33. Ke3 {Threatens to win with Rd6.} Rd4 (33... Rd1 $11) 34. b3 $16 Rd3+ 35. Kxe4 Rxb3 36. e6 (36. Kd5 $16) 36... fxe6 $11 37. Rxe6 Rxa3 38. Rc6 Rc3 39. Ke5 {And now Kf6 would win.} Re3+ (39... Rxc4 $6 40. Kf6 $16) 40. Kf6 {White wants to mate with Rc8+.} Re8 41. g4 Ra8 42. h4 a5 43. Rxb6 a4 44. Rb2 a3 45. Ra2 Kf8 46. Ke6 Ra6+ 47. Kd5 Rf6 (47... h5 $16 {is a better defense.} 48. gxh5 (48. Kxc5 hxg4 49. Kb5 Ra8 $17) 48... gxh5) 48. Rxa3 $18 Rxf4 49. Rg3 (49. Ra8+ $16 Kg7 50. Ra7+ (50. Kxc5 h5 $16) 50... Kf8 51. Rxh7 (51. Kxc5 h5 $16)) 49... h5 $11 {The position is equal.} 50. gxh5 gxh5 51. Kxc5 Rxh4 {Precision: White = 46%, Black = 50%.} 1/2-1/2

[Event "10th Mumbai Mayors Cup 2017"]
[Site "Mumbai"]
[Date "2017.06.05"]
[Round "2"]
[White "Sanjeev, Kumar"]
[Black "Sauravh, Khherdekar"]
[Result "*"]
[WhiteElo "2076"]
[BlackElo "2230"]
[Annotator "TA"]
[PlyCount "37"]
[EventDate "2017.06.04"]
[EventType "swiss"]
[EventCountry "IND"]
[SourceTitle "playchess.com"]
[Source "ChessBase"]
[SourceQuality "1"]

{[%evp 8,8,-29]} 1. e4 e6 2. d3 d5 3. Nd2 c5 4. Ngf3 Nc6 {Predecessor:} 5. g3 $146 Bd6 6. Bg2 Nge7 7. O-O O-O 8. Re1 Bc7 9. c3 b6 10. a3 a5 11. a4 Ba6 12. Qc2 Ng6 13. exd5 exd5 14. Nb3 Nce5 15. Nxe5 Nxe5 16. Rd1 Rc8 17. d4 Nd3 18. Rxd3 Bxd3 19. Qxd3 {1-0 (28) Ivanchuk,V (2747)-Korobov,A (2692) Doha 2016} *

[Event "10th Mumbai Mayors Cup 2017"]
[Site "Mumbai"]
[Date "2017.06.05"]
[Round "2"]
[White "Ajay Karthikeyan"]
[Black "Sangma, Rahul"]
[Result "1/2-1/2"]
[WhiteElo "2023"]
[BlackElo "2337"]
[Annotator "TA"]
[PlyCount "44"]
[EventDate "2017.06.04"]
[EventType "swiss"]
[EventCountry "IND"]
[SourceTitle "playchess.com"]
[Source "ChessBase"]
[SourceQuality "1"]

{[%evp 14,44,22,22,54,30,27,25,47,44,41,12,17,0,12,10,25,32,35,36,45,11,65,63,59,64,64,63,75,66,72,84,101]} 1. d4 Nf6 2. c4 e6 3. Nf3 b6 4. g3 Bb7 5. Bg2 Bb4+ 6. Bd2 a5 7. O-O O-O 8. Qc2 Re8 {E16: Queen's Indian: 4 g3 Bb7 5 Bg2 Bb4+} (8... c5 9. Rd1 Be4 10. Qc1 cxd4 11. Nxd4 Bxg2 12. Kxg2 Na6 13. Bxb4 axb4 14. Nd2 d5 15. Qc2 Qd7 16. cxd5 {½-½ (56) Aronian,L (2750)-Ivanchuk,V (2779) Wijk aan Zee 2009}) 9. a3 $146 ({Predecessor:} 9. Bxb4 axb4 10. Nbd2 d6 11. e4 e5 12. d5 c5 13. dxc6 Nxc6 14. Rfd1 Qc7 15. Nf1 Na5 16. N3d2 {1-0 (40) Zatonskih,A (2480)-Timman,J (2578) Germany 2011}) 9... Bxd2 10. Nbxd2 d6 {White has an edge.} 11. e4 e5 12. d5 Na6 13. Ne1 Bc8 14. Nd3 Nc5 (14... c6 $5) 15. b4 Nxd3 16. Qxd3 Nh5 17. Qe3 g6 (17... f5 $11) 18. c5 $14 bxc5 19. bxc5 f5 20. exf5 gxf5 21. cxd6 cxd6 22. Rfc1 e4 {Precision: White = 46%, Black = 33%.} 1/2-1/2

[Event "10th Mumbai Mayors Cup 2017"]
[Site "Mumbai"]
[Date "2017.06.05"]
[Round "2"]
[White "Raghav, Srivathsav V"]
[Black "Rahman, Syed Mahfuzur"]
[Result "0-1"]
[WhiteElo "2023"]
[BlackElo "2260"]
[Annotator "TA"]
[PlyCount "107"]
[EventDate "2017.06.04"]
[EventType "swiss"]
[EventCountry "IND"]
[SourceTitle "playchess.com"]
[Source "ChessBase"]
[SourceQuality "1"]

{[%evp 9,107,6,17,8,22,0,0,0,0,0,7,-26,-13,-30,-32,-20,-23,-27,-14,-22,-37,-58,-64,-132,-124,-125,-113,-148,-91,-84,-80,-109,-98,-105,-62,-75,-74,-81,-67,-68,-75,-76,-38,-75,-65,-159,-162,-183,-92,-104,-100,-178,-169,-174,-161,-147,-141,-158,0,0,7,13,21,20,14,-10,-18,-41,-29,-78,-78,-75,-73,-86,-89,-90,-41,-114,-110,-102,-27,-29,0,-1,-7,-59,0,0,0,-101,-96,-118,-112,-224,-223,-252,-250,-222,-201,-240]} 1. d4 d5 2. Nf3 c6 3. Bf4 Qb6 4. b3 Bf5 (4... Nf6 5. e3 Nh5 6. Bg5 h6 7. Bh4 Nd7 8. Ne5 Nxe5 9. Qxh5 Ng4 10. Bg3 g6 11. Qh4 Bg7 {0-1 (11) Bareev,E (2669)-Nakamura,H (2816) Las Vegas 2015}) 5. c3 Nf6 6. e3 {D02: 1 d4 d5 2 Nf3 sidelines, including 2...Nf6 3 g3 and 2...Nf6 3 Bf4} e6 7. a4 a5 8. Nbd2 {The position is equal.} h6 9. Ne5 $146 ({Predecessor:} 9. h3 Be7 10. Ne5 Nbd7 11. g4 Bh7 12. Bg2 Nxe5 13. Bxe5 {½-½ (41) Richtarsky,L-Trzaska,P (2245) Dortmund 1993}) 9... Nbd7 10. g4 Bh7 11. h4 Nxe5 12. Bxe5 Nd7 13. Bg3 Rc8 14. g5 Bf5 15. gxh6 Rxh6 16. f3 (16. Bf4 $15) 16... Nf6 17. Bf4 Rh7 18. Qe2 Nh5 (18... Be7 $142 19. e4 Bg6) 19. Be5 $17 Be7 20. e4 Bg6 21. exd5 cxd5 {White must now prevent ...f6.} 22. Qb5+ Qxb5 23. Bxb5+ Kf8 24. c4 f6 25. Bh2 Bb4 26. Rc1 Ba3 $36 {[%mdl 2048] Black is pushing.} 27. Rc3 (27. Ra1 $15 Bb2 28. Ra2 dxc4 29. Nxc4 (29. Rxb2 c3 $17) 29... Bxd4 30. Bd7) 27... e5 28. Re3 exd4 (28... Nf4 $1 $19 {[%cal Rf4g2] ...Ng2+ is the strong threat.} 29. Bxf4 exf4) 29. Re6 Bf5 30. Rb6 (30. Bd6+ $17 {is a better defense.} Bxd6 31. Rxd6) 30... g6 $19 31. Bd6+ Bxd6 32. Rxd6 Re7+ 33. Kd1 dxc4 $2 (33... Nf4 $17 {Hoping for ...Kf7.} 34. h5 Kg7 35. h6+ Kh7 36. cxd5 Nxd5 $1 {[%mdl 512]}) 34. Nxc4 $11 d3 (34... Ng3 $5 {[%cal Rg3h1]} 35. Re1 Bc2+ $1 {[%mdl 512]} 36. Kd2 Rxe1 37. Kxe1 Nf5 38. Rxf6+ Kg7 $11) 35. Re1 Rcc7 36. Rd8+ Kg7 37. Re8 Rxe1+ 38. Kxe1 Nf4 39. Kd2 Ng2 40. Nd6 Nxh4 41. Nxf5+ Nxf5 $17 {[%mdl 4096] Endgame KRB-KRN} 42. Rd8 g5 (42... Nh4 {looks sharper.} 43. f4 g5 44. fxg5 fxg5 45. Kxd3 Kf6) 43. Rxd3 (43. Bxd3 $15 Nh4 44. Be4) 43... Nh4 44. Bc4 Kg6 (44... Re7 $17 45. Rc3 f5) 45. Ke2 $11 b6 46. Kf2 Rc6 47. Rd7 ({Better is} 47. Rd8 $11) 47... Kf5 ({Black should try} 47... f5 $15) 48. Rd5+ Ke6 49. Rd2+ {[#]} (49. f4 $11 {keeps the balance.}) 49... Ke7 $1 $17 50. Rd1 Ng6 51. Bd5 {[#]} (51. Ke3 $17) 51... Rc3 $1 $19 52. Rd2 Ne5 53. Ke2 Kd6 54. Rd1 {Precision: White = 42%, Black = 66%.} 0-1

[Event "10th Mumbai Mayors Cup 2017"]
[Site "Mumbai"]
[Date "2017.06.05"]
[Round "2"]
[White "Barath Kalyan M"]
[Black "Hossain, Enamul"]
[Result "0-1"]
[WhiteElo "2014"]
[BlackElo "2464"]
[Annotator "TA"]
[PlyCount "112"]
[EventDate "2017.06.04"]
[EventType "swiss"]
[EventCountry "IND"]
[SourceTitle "playchess.com"]
[Source "ChessBase"]
[SourceQuality "1"]

{[%evp 16,111,14,8,21,17,14,-1,13,-31,0,0,20,9,32,37,39,21,71,-4,-11,-37,-2,-13,-13,-39,-57,-30,-34,-120,-125,-117,-126,-111,-111,-113,-118,-121,-119,-311,-253,-243,-256,-257,-248,-243,-242,-237,-231,-262,-247,-247,-233,-266,-233,-267,-262,-505,-487,-489,-492,-752,-739,-733,-731,-731,-728,-699,-619,-12841,-12413,-12843,-12843,-12844,-12843,-12842,-12843,-12843,-12843,-12843,-12844,-12845,-12843,-12844,-12844,-12845,-12844,-12844,-12841,-12845,-12845,-12846,-12844,-12846,-12847,-29991,-29992,-29999]} 1. d4 Nf6 2. Nf3 e6 3. e3 b6 4. Bd3 Bb7 5. O-O Be7 6. b3 O-O 7. Bb2 c5 8. Nbd2 Nc6 9. a3 a6 {A47: 1 d4 Nf6 2 Nf3 b6: Torre, London and Colle Systems} (9... Rc8 10. Re1 d5 11. Qe2 cxd4 12. exd4 Re8 13. c4 Bf8 14. Rad1 g6 15. Qe3 Bg7 16. Ne5 dxc4 17. bxc4 Nxe5 18. dxe5 {0-1 (48) Mamedyarov,S (2768)-Leko,P (2693) Doha 2016}) 10. c4 $146 ({Predecessor:} 10. Qe2 Qc7 11. Rfe1 d6 12. c3 d5 13. dxc5 bxc5 14. e4 Rfe8 15. e5 Nd7 16. c4 Nf8 17. h4 {0-1 (51) Izquierdo,D (2190)-Henriquez Villagra,C (2478) Montevideo 2015}) 10... cxd4 11. Nxd4 Qc7 {The position is equal.} 12. b4 (12. Re1 {is interesting.} Ne5 13. Be2 Rfc8 14. Rc1 Qb8 15. h3) 12... Ne5 {[%cal Bc6e5,Be5d7,Bd7c5,Bc5d3][%mdl 32]} 13. Be2 d6 14. Rc1 Rac8 (14... Nc6 {seems wilder.} 15. N4b3 Nd7 16. f4 Bf6 17. Bxf6 Nxf6 18. Bf3 a5) 15. f4 Ned7 16. Bf3 Rfe8 17. Bxb7 (17. g4 $16 {Threatens to win with g5.} Nf8 18. g5) 17... Qxb7 $11 18. b5 d5 19. a4 Nc5 20. N2f3 dxc4 21. Rxc4 Qe4 22. Qe2 {[#]} ({Better is} 22. Re1 $15) 22... Nd5 $1 $36 {[%mdl 2048] Hoping for ...axb5. Black is on the roll.} 23. Re1 Nd3 24. Rxc8 Rxc8 25. Nd2 {[#]} Qxe3+ $1 {[%mdl 512]} 26. Qxe3 Nxe3 27. Nc6 $2 (27. Rxe3 $17 {was forced.} Nxb2 28. bxa6) 27... Nd5 28. Rb1 Bc5+ 29. Kf1 axb5 30. axb5 N3xf4 {And now ...Ne3+ would win.} 31. Ne4 Bf8 32. g3 Nd3 33. Bd4 Ra8 34. Ke2 N3b4 35. Nxb4 Bxb4 ({But not} 35... Nxb4 36. Rb3 $17) 36. Bxb6 $2 (36. Kf1 {was called for.}) 36... f5 $19 37. Rxb4 fxe4 ({Less strong is} 37... Nxb4 38. Nc3 $19) ({Not} 37... Nxb6 38. Nd2 $17) 38. Rxe4 {[%mdl 4096] Endgame KRB-KRN} (38. Rc4 $142 Ra2+ 39. Ke1 Nxb6 40. Rxe4) 38... Nc3+ (38... Nxb6 $2 39. Rxe6 Rb8 40. Kd3 $19) 39. Kd3 Nxe4 40. Kxe4 {KR-KB} Rb8 41. Bc7 Rxb5 42. h4 Kf7 43. Bd6 h5 44. Bc7 Rb4+ 45. Kf3 Kf6 46. Bd6 Rc4 47. Ke3 Kf5 48. Bf8 g6 49. Bd6 e5 50. Kf3 Rc3+ 51. Kf2 Ke4 52. Bb8 Rc2+ 53. Kg1 Re2 54. Kf1 Kf3 {( -> ...Rb2)} 55. Bd6 Rd2 {[%cal Rd2d1]} 56. Bxe5 Rd1# {Precision: White = 33%, Black = 59%.} 0-1

[Event "10th Mumbai Mayors Cup 2017"]
[Site "Mumbai"]
[Date "2017.06.05"]
[Round "2"]
[White "Chandreyee, Hajra"]
[Black "Karthikeyan, P.."]
[Result "0-1"]
[WhiteElo "1997"]
[BlackElo "2502"]
[Annotator "TA"]
[PlyCount "88"]
[EventDate "2017.06.04"]
[EventType "swiss"]
[EventCountry "IND"]
[SourceTitle "playchess.com"]
[Source "ChessBase"]
[SourceQuality "1"]

{[%evp 19,88,-14,-13,-22,0,0,14,0,0,0,0,0,14,-84,-96,-121,-116,-117,-120,-124,-118,-141,-126,-136,-130,-145,-109,-110,-115,-118,-114,-116,-116,-116,-116,-114,-122,-144,-150,-133,-141,-139,-146,-135,-135,-160,-154,-234,-225,-335,-335,-316,-314,-671,-656,-838,-833,-988,-965,-1494,-1338,-1816,-1795,-1780,-1731,-1658,-1645,-1559,-1502,-1584,-1576]} 1. e4 c5 2. Nf3 e6 3. d4 cxd4 4. Nxd4 Nc6 5. Nc3 Qc7 6. Be2 a6 7. O-O b5 {[%cal Bb7b5,Bb5b4][%mdl 32]} 8. a3 Bb7 9. Be3 Nf6 10. f4 Bc5 11. Qd3 {B49: Sicilian: Taimanov: 5 Nc3 Qc7 6 Be3 a6 7 Be2} (11. Bf3 d6 12. Kh1 O-O 13. Qd3 Bxd4 14. Bxd4 Nxd4 15. Qxd4 e5 16. Qe3 exf4 17. Qxf4 Nd7 18. Rad1 Ne5 {0-1 (53) Ivanov,A (2424)-Inarkiev,E (2667) Warsaw 2010}) 11... b4 12. Na4 Ba7 {Strongly threatening ...Nxd4.} 13. Bf3 {The position is equal.} Nxd4 14. Bxd4 Bc6 15. e5 Nd5 16. c4 $146 (16. Bxd5 $1 $11 {was the only way to keep the balance.} exd5 17. axb4) ({Predecessor:} 16. Bxd5 Bxd5 17. b3 O-O {½-½ (17) Abdelmoumen,A (2207)-Morschel,D (2300) ICCF email 2008}) 16... bxc3 $17 {aiming for ...Bb5.} 17. Nxc3 Nxf4 18. Qe3 Ng6 19. Bxc6 dxc6 20. Ne4 {Threatens to win with Nd6+.} O-O 21. Nd6 Bxd4 22. Qxd4 Qa7 23. Qxa7 Rxa7 24. Rfe1 Rd7 25. Rac1 {[#]} Nxe5 $1 {[%mdl 512]} 26. Rxe5 Rxd6 {[%mdl 4096] Endgame KRR-KRR} 27. Rec5 Rc8 28. Ra5 {[#]} c5 $1 29. Raxc5 Rxc5 30. Rxc5 {Rc8+ would kill now. KR-KR} f5 31. b4 Kf7 32. Rc3 Kf6 33. Kf2 {[#]} (33. h4 $17) 33... Rd2+ $1 $19 34. Kf3 (34. Kf1 {might work better.}) 34... g5 35. h3 h5 {[%cal Bh7h5,Bh5g4,Bg4g3][%mdl 32]} 36. Kg3 $2 (36. a4) 36... f4+ {Black is clearly winning.} 37. Kh2 g4 38. hxg4 hxg4 39. Kg1 g3 {[%cal Rd2d1]} 40. Kf1 Rf2+ 41. Kg1 Ra2 {( -> ...Ra1+)} 42. Kf1 Kf5 43. Rc5+ e5 44. Rc3 Ra1+ {Precision: White = 40%, Black = 92%.} 0-1

[Event "10th Mumbai Mayors Cup 2017"]
[Site "Mumbai"]
[Date "2017.06.05"]
[Round "3"]
[White "Amonatov, Farrukh"]
[Black "Aaryan Varshney"]
[Result "1-0"]
[WhiteElo "2635"]
[BlackElo "1752"]
[Annotator "TA"]
[PlyCount "101"]
[EventDate "2017.06.04"]
[EventType "swiss"]
[EventCountry "IND"]
[SourceTitle "playchess.com"]
[Source "ChessBase"]
[SourceQuality "1"]

{[%evp 18,101,41,36,52,50,71,52,81,112,97,113,109,83,199,192,206,22,27,20,20,23,45,24,48,17,197,189,203,214,494,495,572,571,562,549,1344,1348,1331,1317,1291,1270,1247,1228,1235,1137,1010,915,29986,29987,29987,29988,29988,12834,12835,12835,12836,12836,12837,12837,12837,12837,12838,12838,12842,12841,12842,12843,12845,12844,12845,12845,12846,12846,29989,29990,29990,29991,29991,29990,29993,29994,29993,29994,29994,29995]} 1. e4 e5 2. Nf3 Nf6 3. d4 exd4 4. e5 Ne4 5. Qxd4 d5 6. exd6 Nxd6 7. Bd3 Nc6 8. Qf4 Be7 9. Nc3 Be6 10. Be3 {LiveBook: 5 Games} O-O {C43: Petroff Defence: 3 d4} (10... Bf6 11. O-O-O Bxc3 12. bxc3 Qf6 13. Qxf6 gxf6 14. Kb1 O-O-O 15. Nd4 Ne5 16. Nxe6 fxe6 17. Be2 Rhg8 18. g3 {½-½ (54) Popov,I (2568)-Rakhmanov,A (2543) Dagomys 2009}) 11. O-O-O Qc8 12. g4 $146 ({Predecessor:} 12. Nd4 Nxd4 13. Bxd4 Nf5 14. Bxf5 Bxf5 15. Nd5 Bd6 16. Qd2 Qe6 17. Bc3 f6 18. Rhe1 {½-½ (38) Neumeier,K (2255)-Done,D (2117) Vienna 2003}) 12... Ne8 {White is slightly better.} 13. Ng5 (13. Qe4 Nf6 $17) 13... Bxg5 14. Qxg5 $40 {[%mdl 128] Black is in trouble.} Nf6 15. a3 h6 (15... Nxg4 $16 {was necessary.} 16. Bc5 h6) 16. Qh4 $1 $18 Nxg4 {[#]} 17. Bc5 $2 (17. Bxh6 $1 $18 {[%mdl 512]} Nce5 (17... Nxh6 18. Rdg1) 18. Bf4) 17... Rd8 $1 $11 18. Rhg1 Nce5 {Strongly threatening ...Nf3.} 19. Qg3 {Threatens to win with f3.} b6 20. Be3 {[%mdl 1024] aiming for h3. White has compensation.} Ng6 21. Bd2 {[#] And now Bxg6 would win.} f5 $2 (21... Rxd3 $1 $11 {[%mdl 512] and Black is okay.} 22. cxd3 Qd7) 22. Rde1 $18 {Hoping for f3.} Bf7 23. h3 Nf6 $2 {[#]} (23... Rxd3 24. Qxd3 (24. cxd3 Nf6 $16) 24... Nf6) 24. Bc4 $1 {[%mdl 512]} Bxc4 25. Qxg6 {[%csl Gg1][%cal Rg6g7]} Qd7 26. Bxh6 $1 Ne8 {[#]} 27. Rxe8+ $1 {[%mdl 512]} Rxe8 (27... Qxe8 28. Qxg7#) 28. Bxg7 {White threatens Be5+ and mate.} Re1+ 29. Rxe1 {Intending Bf6+ and mate.} Qxg7 30. Qc6 Rf8 31. Qxc4+ Kh8 32. Qh4+ Kg8 33. Nd5 Rf7 34. Re8+ Rf8 35. Rxf8+ (35. Ne7+ $142 Kf7 36. Qh5+ Ke6 37. Nxf5+ Rxe8 38. Nxg7+ Kf6 39. Nxe8+ Ke7 40. Qe5+ Kf7 41. f4) 35... Qxf8 36. Qg5+ Qg7 37. Qxg7+ Kxg7 38. Nxc7 {[%mdl 4096] Endgame KN-K3P} Kf6 39. Kd2 Kg5 40. Ke3 a5 41. a4 Kh4 42. Kf4 Kxh3 43. Kxf5 {KN-KPP} Kg2 44. f4 Kf3 45. Ke5 Kg4 46. f5 {White mates.} Kg5 47. f6 Kg6 48. Ke6 Kh7 49. f7 Kg7 50. Ke7 Kg6 51. f8=Q {Precision: White = 60%, Black = 21%.} 1-0